| 000 | 00845nam a2200229 i 4500 | ||
|---|---|---|---|
| 001 | 171905 | ||
| 003 | ES-MaACL | ||
| 005 | 20250808001432.0 | ||
| 008 | 090608s1982 sp |||| | spa d | ||
| 017 | _aM 38634-1982 | ||
| 020 | _a84-220-1081-X | ||
| 100 | 1 |
_aAcharuparambil, Daniel. _9140530 |
|
| 245 | 1 | 0 |
_aEspiritualidad hinduista / _cpor D. Acharuparambil ; [traducción del original manuscrito italiano por José Luis Legaza]. |
| 260 |
_aMadrid : _bLa Editorial Católica, _c1982. |
||
| 300 |
_aXXV, 289 p., 1 h. ; _c20 cm. |
||
| 490 | 1 |
_aBiblioteca de autores cristianos ; _v437. _aSemina verbi |
|
| 504 | _aBibliografía : p. [XVII]-XXV. | ||
| 700 | 0 |
_aLegaza, José Luis. _971265 |
|
| 830 | 0 | 0 |
_aBiblioteca de autores cristianos. _pSemina verbi _v437. _9178690 |
| 852 |
_aES-MaACL _jJ-426 _9R.46092 |
||
| 999 |
_c171905 _d171905 |
||